| 000 | 01003cam a2200289 a 4500 | ||
|---|---|---|---|
| 999 |
_c128606 _d128606 |
||
| 001 | 4005850 | ||
| 003 | ARRUPE | ||
| 005 | 20181121093057.0 | ||
| 008 | 960515s1996 fr af b 001 0bfre | ||
| 010 | _a 96149050 | ||
| 020 | _a207073238X | ||
| 040 |
_aDLC _cDLC _dDLC |
||
| 043 | _ae-fr--- | ||
| 050 | 0 | 0 |
_aPQ2605.A3734 _bZ765 1996 |
| 082 | 0 | 0 |
_a848/.91409 _aB _220 |
| 100 | 1 |
_aTodd, Olivier. _943543 |
|
| 245 | 1 | 0 |
_aAlbert Camus : _ba life / _cOlivier Todd. |
| 260 |
_aLondon : _bChatto and Windus, _cc1996. |
||
| 300 |
_ax, 435 p. : _c24 cm. |
||
| 504 | _aIncludes bibliographical references (p. [829]-833) and index. | ||
| 600 | 1 | 0 |
_aCamus, Albert, _d1913-1960. _934134 |
| 906 |
_a7 _bcbc _corignew _d2 _encip _f19 _gy-gencatlg |
||
| 942 |
_2lcc _cMONOGRAPH |
||